|
|
|
|
| LEADER |
01614nam a2200289 a 4500 |
| 001 |
1578581 |
| 008 |
091119s1994 enka b 001 0 eng d |
| 010 |
|
|
|a \\\93017334
|
| 020 |
|
|
|a 0521430267 (hard)
|
| 020 |
|
|
|a 0521436184 (pbk.)
|
| 040 |
|
|
|a DLC
|c DLC
|d DLC
|
| 082 |
0 |
0 |
|a 337
|2 20
|
| 100 |
1 |
|
|a Kenen, Peter B.,
|d 1932-
|
| 245 |
1 |
4 |
|a The international economy /
|c Peter B. Kenen.
|
| 250 |
|
|
|a 3rd ed.
|
| 260 |
|
|
|a Cambridge [England] ;
|a New York, NY, USA :
|b Cambridge University Press,
|c 1994.
|
| 300 |
|
|
|a ix, 621 p. :
|b ill. (some col.) ;
|c 25 cm.
|
| 504 |
|
|
|a Includes bibliographical references and index.
|
| 541 |
1 |
|
|e 00011157
|
| 650 |
|
0 |
|a International economic relations.
|
| 650 |
|
0 |
|a International economic relations
|x Mathematical models.
|
| 852 |
4 |
|
|a Ayesha Abed Library
|j General shelf
|
| 999 |
|
|
|c 5609
|d 5609
|
| 952 |
|
|
|0 0
|1 0
|2 ddc
|4 0
|6 337_KEN_199400000000000
|7 0
|9 5508
|a BRACUL
|b BRACUL
|c GEN
|d 2009-11-19
|g 0.00
|l 0
|o 337 KEN
|p 3010011157
|r 2009-11-19
|t 1
|w 2009-11-19
|y BK
|x No price found in the accession register.
|
| 952 |
|
|
|0 0
|1 0
|2 ddc
|4 0
|6 337_KEN_199400000000000
|7 0
|9 5509
|a BRACUL
|b BRACUL
|c GEN
|d 2009-11-19
|g 0.00
|l 0
|o 337 KEN
|p 3010010964
|r 2009-11-19
|t 2
|w 2009-11-19
|y BK
|x No price found in the accession register.
|
| 952 |
|
|
|0 0
|1 0
|2 ddc
|4 0
|6 337_KEN_199400000000000
|7 0
|9 5510
|a BRACUL
|b BRACUL
|c GEN
|d 2009-11-19
|g 0.00
|l 0
|o 337 KEN
|p 3010011014
|r 2009-11-19
|t 3
|w 2009-11-19
|y BK
|x No price found in the accession register.
|
| 952 |
|
|
|0 0
|1 0
|2 ddc
|4 0
|6 337_KEN_199400000000000
|7 0
|9 5511
|a BRACUL
|b BRACUL
|c GEN
|d 2009-11-19
|g 0.00
|l 0
|o 337 KEN
|p 3010011002
|r 2009-11-19
|t 4
|w 2009-11-19
|y BK
|x No price found in the accession register.
|